00750nam a2200193 i 4500001000300000245019400003260006000197300002600257650002400283655002900307710002300336020001500359040000800374041000800382044000800390080001900398008004100417856009800458bg00aConference language learning in Europe :bthe challenge of diversity : (final conference of the modern languages Project No. 12), Strasbourg, 22-25 March 1988 : report /cCouncil of Europe. aStrasbourg :bCouncil for Cultural Co-operation,c1989. a177, [3] s. ;c30 cm. 9aJęzykixnauczanie aMateriały konferencyjne2 aCouncil of Europe. a9287116962 cBPK0 aeng aFRA a81:005.745(06)100831s1989 pl a |000 0 pol  uhttp://koha.tu.koszalin.pl/cgi-bin/koha/opac-detail.pl?biblionumber=49653yKatalog online BPK